| 000 | 00676nam a2200229Ia 4500 | ||
|---|---|---|---|
| 003 | OSt | ||
| 005 | 20220926005828.0 | ||
| 006 | a|||||r|||| 00| 0 | ||
| 007 | ta | ||
| 008 | 220923b |||||||| |||| 00| 0 eng d | ||
| 037 | _cGeneral Book | ||
| 040 |
_aRTL _cRTL _beng |
||
| 041 |
_2eng _aeng |
||
| 082 | _aX724:(Z).2.N7, P4/TD1 | ||
| 100 |
_aSinghania Vinod _9311124 |
||
| 245 | 0 |
_aTaxmann _b Student guide to income tax Including central sales tax |
|
| 250 | _a31 | ||
| 260 |
_a New Delhi _bTaxmann India _c2004 |
||
| 300 |
_a1078p _ccm. |
||
| 942 |
_hX724:(Z).2.N7, P4/TD1 _cGB _2CC |
||
| 999 |
_c615396 _d615396 |
||